[Event "DEM U12/U12w 2009"]
[Site "Willingen GER"]
[Date "2009.06.03"]
[Round "7"]
[White "Koop, Thorben"]
[Black "Bluhm, Sonja Maria"]
[Result "1/2-1/2"]
[Termination "normal"]
[Board "21"]
[WhiteElo "1735"]
[BlackElo "1714"]
[PlyCount "89"]
[WhiteFideId "24661619"]
[BlackFideId "24654027"]
[EventCountry "GER"]
[EventRounds "11"]
[EventType "swiss"]
[EventDate "2009.05.30"]

1. Nf3 d5 2. c4 c6 3. e3 Nf6 4. Nc3 a6 5. d4 b5 6. cxd5 cxd5 7. Bd2 e6 8. g3
Bd6 9. Bg2 Bb7 10. O-O O-O 11. Ne1 Nbd7 12. Nd3 Rc8 13. f4 Ne4 14. Nxe4 dxe4
15. Nf2 f5 16. g4 Bd5 17. b3 Qf6 18. g5 Qg6 19. h4 h6 20. Nh1 hxg5 21. hxg5 Kf7
22. Kf2 Rh8 23. Ng3 Ke7 24. Rc1 Rxc1 25. Qxc1 Bb7 26. Qb2 Rh2 27. a3 Nb6 28.
Rc1 Nd5 29. Rh1 Rxh1 30. Bxh1 Qh7 31. Bg2 g6 32. Ne2 Qh4+ 33. Kf1 a5 34. Nc3
Nxc3 35. Qxc3 b4 36. axb4 axb4 37. Qa1 Kd7 38. Qa5 Qh2 39. Qa4+ Kc7 40. Qb5 Bc8
41. Kf2 Qh4+ 42. Kf1 Qh2 43. Be1 Bb7 44. Qc4+ Kb6 45. Qc1 1/2-1/2

[Event "DEM U12/U12w 2009"]
[Site "Willingen GER"]
[Date "2009.06.03"]
[Round "7"]
[White "Grigorian, Spartak"]
[Black "Wendland, Tobias"]
[Result "1-0"]
[Termination "normal"]
[Board "22"]
[WhiteElo "1765"]
[BlackElo "1622"]
[PlyCount "81"]
[WhiteFideId "24661490"]
[BlackFideId "24662267"]
[EventCountry "GER"]
[EventRounds "11"]
[EventType "swiss"]
[EventDate "2009.05.30"]

1. Nf3 d5 2. c4 c6 3. d4 Nf6 4. Nc3 dxc4 5. a4 Be6 6. e4 Nbd7 7. Ng5 Bg4 8.
Bxc4 e6 9. f3 Bh5 10. Bf4 Bb4 11. Bxe6 h6 12. Bxd7+ Qxd7 13. Nh3 Nxe4 14. O-O
Nf6 15. Re1+ Kf8 16. Qb3 a5 17. Rad1 Bxf3 18. gxf3 Qxh3 19. Re3 Qf5 20. Bg3 h5
21. d5 h4 22. Bf2 Qg5+ 23. Kh1 Rb8 24. d6 Rd8 25. Re7 Qg6 26. Nb5 cxb5 27. Rg1
bxa4 28. Qc4 Qh5 29. Qc7 Re8 30. Rxe8+ Nxe8 31. Qe7+ Kg8 32. Qxe8+ Kh7 33. Qe4+
g6 34. d7 h3 35. Bb6 Be7 36. Rg4 Qb5 37. Bd4 Rd8 38. Rg3 Qxd7 39. Qxe7 Qxd4 40.
Qxf7+ Kh6 41. Qxg6# 1-0

[Event "DEM U12/U12w 2009"]
[Site "Willingen GER"]
[Date "2009.06.03"]
[Round "7"]
[White "Jermann, Isabel"]
[Black "Knopf, Felix"]
[Result "1/2-1/2"]
[Termination "normal"]
[Board "23"]
[WhiteElo "1328"]
[BlackElo "1741"]
[PlyCount "74"]
[BlackFideId "24692204"]
[EventCountry "GER"]
[EventRounds "11"]
[EventType "swiss"]
[EventDate "2009.05.30"]

1. d4 d5 2. c3 Nf6 3. g3 Bf5 4. Nf3 c5 5. dxc5 e6 6. Be3 Nc6 7. Bg2 Ne4 8. Nd4
Bg6 9. Nb3 Be7 10. O-O O-O 11. N1d2 Rc8 12. Nxe4 Bxe4 13. Bxe4 dxe4 14. Qc2 f5
15. Rad1 Qc7 16. Rd2 e5 17. f4 exf3 18. Rxf3 f4 19. gxf4 exf4 20. Bd4 Ne5 21.
Bxe5 Qxe5 22. Rd7 Bxc5+ 23. Nxc5 Qxc5+ 24. Kh1 Rf6 25. Qb3+ Kh8 26. Qxb7 Rg6
27. Rf1 Rf8 28. Rf7 h6 29. Rxf8+ Qxf8 30. Qxa7 Qe8 31. Qf2 Qa8+ 32. Qf3 Qxa2
33. Qxf4 Qxb2 34. Qe3 Qb7+ 35. Qf3 Qb6 36. Qe4 Qd6 37. Qf3 Qb6 1/2-1/2

[Event "DEM U12/U12w 2009"]
[Site "Willingen GER"]
[Date "2009.06.03"]
[Round "7"]
[White "Nöttling, Dominik"]
[Black "Huckebrink, Chris"]
[Result "1-0"]
[Termination "normal"]
[Board "24"]
[WhiteElo "1781"]
[BlackElo "1489"]
[PlyCount "47"]
[WhiteFideId "24672807"]
[EventCountry "GER"]
[EventRounds "11"]
[EventType "swiss"]
[EventDate "2009.05.30"]

1. e4 c6 2. d4 d5 3. e5 Bf5 4. Bd3 Bxd3 5. Qxd3 e6 6. Nf3 Nd7 7. c3 Ne7 8. Nbd2
Rc8 9. Nf1 Qb6 10. Ng3 Ng6 11. O-O Be7 12. Nh5 O-O 13. Nf4 Nxf4 14. Bxf4 Rc7
15. Bg5 Bxg5 16. Nxg5 g6 17. Qh3 h5 18. g4 Kg7 19. gxh5 Rh8 20. Qf3 Nf8 21.
Qf6+ Kg8 22. hxg6 Nxg6 23. Kh1 Nh4 24. Rg1 1-0

[Event "DEM U12/U12w 2009"]
[Site "Willingen GER"]
[Date "2009.06.03"]
[Round "7"]
[White "Kasel, Ronaldo"]
[Black "Manusina, Nicole"]
[Result "0-1"]
[Termination "normal"]
[Board "25"]
[WhiteElo "1544"]
[BlackElo "1685"]
[PlyCount "96"]
[WhiteFideId "24660949"]
[BlackFideId "24657514"]
[EventCountry "GER"]
[EventRounds "11"]
[EventType "swiss"]
[EventDate "2009.05.30"]

1. e4 c6 2. Nc3 d5 3. Nf3 Bg4 4. exd5 cxd5 5. Bb5+ Nc6 6. h3 Bxf3 7. Qxf3 e6 8.
O-O Nf6 9. Re1 Be7 10. Qg3 O-O 11. Bxc6 bxc6 12. d4 Kh8 13. Bg5 Qb6 14. Qd3
Qxb2 15. Rab1 Qa3 16. Rb3 Qd6 17. Rb7 Rfb8 18. Reb1 a5 19. Bh4 Qd8 20. Ne2 a4
21. c3 Rxb7 22. Rxb7 Nd7 23. Bxe7 Qxe7 24. Qg3 Rc8 25. Ra7 a3 26. Nc1 h6 27.
Nb3 e5 28. Nc5 Rd8 29. Qg4 exd4 30. Rxd7 Rxd7 31. Qxd7 Qxc5 32. Qc8+ Kh7 33.
Qf5+ Kg8 34. Qc8+ Qf8 35. Qxf8+ Kxf8 36. cxd4 Ke7 37. Kf1 Kd6 38. Ke2 c5 39.
Kd3 Kc6 40. Kc3 Kb5 41. dxc5 Kxc5 42. Kb3 Kd4 43. Kxa3 Kc3 44. Ka4 d4 45. Kb5
d3 46. a4 d2 47. a5 d1=Q 48. a6 Qd4 0-1

[Event "DEM U12/U12w 2009"]
[Site "Willingen GER"]
[Date "2009.06.03"]
[Round "7"]
[White "Ruff, Maximilian"]
[Black "Damm, Nils"]
[Result "1/2-1/2"]
[Termination "normal"]
[Board "26"]
[WhiteElo "1651"]
[BlackElo "1458"]
[PlyCount "83"]
[WhiteFideId "1271670"]
[BlackFideId "24693065"]
[EventCountry "GER"]
[EventRounds "11"]
[EventType "swiss"]
[EventDate "2009.05.30"]

1. e4 e5 2. Nf3 Nc6 3. Bc4 Nf6 4. d3 Bc5 5. Nc3 d6 6. Bg5 h6 7. Be3 Bb6 8. Qe2
Bg4 9. h3 Bxf3 10. Qxf3 Bxe3 11. fxe3 Qd7 12. O-O O-O-O 13. a3 Kb8 14. b4 h5
15. Rfb1 Rh6 16. a4 g5 17. Qg3 g4 18. h4 Rh7 19. Qf2 Rh6 20. g3 Re8 21. a5 Nd8
22. b5 b6 23. axb6 cxb6 24. Nd5 Nxd5 25. Bxd5 Qe7 26. Rf1 Rf8 27. Qf5 Ne6 28.
Bc6 Ng7 29. Qd7 Qxd7 30. Bxd7 Ne6 31. Ra3 Nc5 32. Bc6 f6 33. Bd5 Re8 34. Rf5
Ne6 35. Rc3 Ng7 36. Rf2 Rf8 37. Rc6 f5 38. Rf1 Rhf6 39. Kg2 fxe4 40. Rxf6 Rxf6
41. Bxe4 Ne8 42. Rc3 1/2-1/2

[Event "DEM U12/U12w 2009"]
[Site "Willingen GER"]
[Date "2009.06.03"]
[Round "7"]
[White "Schmitt, Carsten"]
[Black "Eichstaedt, Mirko"]
[Result "1-0"]
[Termination "normal"]
[Board "27"]
[WhiteElo "1624"]
[BlackElo "1450"]
[PlyCount "65"]
[WhiteFideId "24661040"]
[BlackFideId "24692310"]
[EventCountry "GER"]
[EventRounds "11"]
[EventType "swiss"]
[EventDate "2009.05.30"]

1. d4 Nf6 2. Nf3 e6 3. c4 d5 4. Nc3 Be7 5. Bf4 O-O 6. e3 a6 7. Bd3 dxc4 8. Bxc4
b5 9. Bd3 c5 10. Qc2 Bb7 11. dxc5 Bxc5 12. Rd1 Qa5 13. O-O Nbd7 14. a3 Rac8 15.
Qb1 Ba7 16. Bxh7+ Kh8 17. Be4 Bxe4 18. Nxe4 Nd5 19. Bd6 Rfe8 20. Neg5 f5 21.
Nd4 Bxd4 22. Rxd4 Rc6 23. Rfd1 Kg8 24. Bg3 Qd8 25. Nxe6 Rexe6 26. Rxd5 f4 27.
Rxd7 Qg5 28. Rd8+ Kf7 29. Bxf4 Qg4 30. h3 Qh5 31. g4 Qxh3 32. Qf5+ Rf6 33.
R1d7# 1-0

[Event "DEM U12/U12w 2009"]
[Site "Willingen GER"]
[Date "2009.06.03"]
[Round "7"]
[White "Srokovskiy, Andrea"]
[Black "Zimmermann, Jasmin"]
[Result "1-0"]
[Termination "normal"]
[Board "28"]
[WhiteElo "1809"]
[BlackElo "1283"]
[PlyCount "139"]
[WhiteFideId "4624947"]
[BlackFideId "12900400"]
[EventCountry "GER"]
[EventRounds "11"]
[EventType "swiss"]
[EventDate "2009.05.30"]

1. e4 c5 2. Nf3 Nc6 3. d4 cxd4 4. Nxd4 g6 5. c4 Bg7 6. Be3 Nf6 7. Nc3 O-O 8.
Be2 b6 9. O-O Bb7 10. f3 Re8 11. Qd2 Qc7 12. Ndb5 Qc8 13. Nd5 Nxd5 14. cxd5 a6
15. dxc6 dxc6 16. Nc3 Rd8 17. Qc2 Qe6 18. Bxb6 Rd6 19. Rfd1 Be5 20. Bc5 Rxd1+
21. Rxd1 Bxh2+ 22. Kxh2 Qe5+ 23. g3 Qxc5 24. Kg2 Bc8 25. Qd2 h5 26. Na4 Qa7 27.
Qd4 Qxd4 28. Rxd4 Be6 29. Bc4 Rb8 30. Bxe6 fxe6 31. Kf2 Kf7 32. Rc4 Rc8 33. Ke2
Kf6 34. Nc5 a5 35. Nd7+ Kg7 36. Ne5 c5 37. Nd3 Kf6 38. Rxc5 Rxc5 39. Nxc5 Ke5
40. Ke3 g5 41. Nb3 h4 42. gxh4 gxh4 43. f4+ Kf6 44. Kf3 e5 45. Nd2 h3 46. Nf1
e6 47. Kg4 a4 48. Kg3 exf4+ 49. Kxf4 e5+ 50. Kg4 Ke6 51. Kxh3 Kd6 52. Kg4 Kc5
53. Kf5 Kd4 54. Nd2 Kd3 55. b4 Kxd2 56. b5 Kc2 57. b6 Kb2 58. a3 Kxa3 59. b7
Ka2 60. b8=Q a3 61. Qxe5 Kb1 62. Qd4 a2 63. e5 a1=Q 64. Qxa1+ Kxa1 65. e6 Kb2
66. e7 Kc3 67. e8=Q Kd4 68. Qe5+ Kd3 69. Kf4 Kc4 70. Qd6 1-0

[Event "DEM U12/U12w 2009"]
[Site "Willingen GER"]
[Date "2009.06.03"]
[Round "7"]
[White "Hoffmann, Tim"]
[Black "Pixa, Richard"]
[Result "1/2-1/2"]
[Termination "normal"]
[Board "29"]
[WhiteElo "1455"]
[BlackElo "1788"]
[PlyCount "103"]
[WhiteFideId "12900338"]
[BlackFideId "4626095"]
[EventCountry "GER"]
[EventRounds "11"]
[EventType "swiss"]
[EventDate "2009.05.30"]

1. e4 e6 2. d4 d5 3. Nd2 Nf6 4. e5 Nfd7 5. Bd3 c5 6. c3 Nc6 7. Ne2 Be7 8. O-O
O-O 9. Nf3 cxd4 10. cxd4 f6 11. Nf4 Nb6 12. Qc2 f5 13. a3 Bd7 14. Be3 Rc8 15.
Qd2 Na8 16. Ne2 Na5 17. Rab1 Nc4 18. Bxc4 Rxc4 19. Ng5 Nb6 20. b3 Rc8 21. a4
Na8 22. Bf4 h6 23. Nh3 g5 24. Qe3 a5 25. Qd3 gxf4 26. Nhxf4 Bb4 27. Nh3 Kh7 28.
Rfc1 Qh4 29. Nef4 Ba3 30. Re1 Rg8 31. Re3 Bb4 32. Ne2 Rg7 33. f4 Rcg8 34. Ng5+
hxg5 35. Rh3 Bc6 36. fxg5 Qxh3 37. Qxh3+ Kg6 38. Qh6+ Kf7 39. Nf4 Nc7 40. h4
Bd2 41. Qf6+ Ke8 42. Nxe6 Nxe6 43. Qxe6+ Kd8 44. Kf2 f4 45. Kf3 Bc3 46. Qf6+
Ke8 47. Rd1 Bb4 48. g4 Rg6 49. Qxf4 Bd7 50. Kg3 Rf8 51. Qe3 Be7 52. Rd3 1/2-1/2

[Event "DEM U12/U12w 2009"]
[Site "Willingen GER"]
[Date "2009.06.03"]
[Round "7"]
[White "Myagkov, Kirill"]
[Black "Oltmanns, Bianca"]
[Result "1-0"]
[Termination "normal"]
[Board "30"]
[WhiteElo "1551"]
[BlackElo "1234"]
[PlyCount "63"]
[WhiteFideId "24657042"]
[BlackFideId "24698008"]
[EventCountry "GER"]
[EventRounds "11"]
[EventType "swiss"]
[EventDate "2009.05.30"]

1. e4 c5 2. Nc3 e6 3. g3 Nc6 4. Bg2 d6 5. d3 Nf6 6. f4 Be7 7. Nf3 Qc7 8. O-O a6
9. Nh4 O-O 10. f5 e5 11. g4 Qd8 12. g5 Ne8 13. Qh5 Nd4 14. Nd5 Nxc2 15. Rb1 Bd7
16. Bd2 Bc6 17. Ba5 Qxa5 18. Nxe7+ Kh8 19. g6 h6 20. gxf7 Rxf7 21. Qxf7 Nf6 22.
Nhg6+ Kh7 23. Nf8+ Rxf8 24. Qxf8 Qxa2 25. Ng6 Ng8 26. f6 gxf6 27. b3 h5 28.
Qf7+ Kh6 29. Qxg8 Ne3 30. Qh8+ Kg5 31. Qxf6+ Kg4 32. Qh4# 1-0

[Event "DEM U12/U12w 2009"]
[Site "Willingen GER"]
[Date "2009.06.03"]
[Round "7"]
[White "Senf, Paul"]
[Black "Gabriel, Liem Thanh"]
[Result "1/2-1/2"]
[Termination "normal"]
[Board "31"]
[WhiteElo "1330"]
[BlackElo "1798"]
[PlyCount "109"]
[WhiteFideId "12900389"]
[BlackFideId "24696005"]
[EventCountry "GER"]
[EventRounds "11"]
[EventType "swiss"]
[EventDate "2009.05.30"]

1. e4 e6 2. d4 d5 3. Nc3 Bb4 4. e5 c5 5. a3 Bxc3+ 6. bxc3 Ne7 7. a4 Nbc6 8. Nf3
Qa5 9. Bd2 Bd7 10. Bd3 h6 11. O-O O-O 12. Re1 Rfe8 13. h3 Rab8 14. Nh2 c4 15.
Bf1 Nf5 16. Ng4 Kh7 17. g3 Qd8 18. Bg2 Rg8 19. Kh2 Qe7 20. f4 Rbf8 21. Bf3 g6
22. Nf6+ Kg7 23. Nxg8 Rxg8 24. Rg1 Kh7 25. Qe2 b6 26. g4 Ng7 27. Rg3 Qd8 28.
Rag1 Na5 29. Ra1 Rh8 30. Qg2 Kg8 31. Be3 Kf8 32. Be2 Bc6 33. Kg1 Ke8 34. Bd2
Kd7 35. Kf2 Kc7 36. Qh2 h5 37. g5 Nf5 38. Rgg1 Qd7 39. h4 Rb8 40. Rgb1 Qe8 41.
Rb4 Qd7 42. Kg2 Qe8 43. Kh3 Qd7 44. Qg1 Qe8 45. Ra2 Qd7 46. Qb1 Qc8 47. Bc1 Qa6
48. Ba3 Rb7 49. Rbb2 Bd7 50. Qe1 Kc8 51. Bb4 Nc6 52. Bf1 Kc7 53. Kh2 Nce7 54.
Bd6+ Kc8 55. Rb4 1/2-1/2

[Event "DEM U12/U12w 2009"]
[Site "Willingen GER"]
[Date "2009.06.03"]
[Round "7"]
[White "Kast, Joannis"]
[Black "Ismail, Nabil"]
[Result "1/2-1/2"]
[Termination "normal"]
[Board "32"]
[WhiteElo "1618"]
[BlackElo "1400"]
[PlyCount "58"]
[WhiteFideId "24698776"]
[EventCountry "GER"]
[EventRounds "11"]
[EventType "swiss"]
[EventDate "2009.05.30"]

1. e4 e5 2. Nf3 Nc6 3. Bc4 Be7 4. d3 Nf6 5. Be3 d6 6. c3 O-O 7. O-O Bg4 8. Nbd2
h6 9. h3 Bh5 10. Bb3 Nh7 11. Qe2 Bg5 12. Bxg5 Nxg5 13. Qe3 Ne6 14. Bxe6 fxe6
15. Nh2 Qf6 16. Ng4 Bxg4 17. hxg4 d5 18. Qe2 d4 19. c4 Ne7 20. f3 Ng6 21. g3 c5
22. Kg2 Rf7 23. Nb3 b6 24. Rh1 Nf8 25. Nd2 Nh7 26. b3 Raf8 27. a4 a5 28. Raf1
Qg6 29. Rf2 Rf6 1/2-1/2

[Event "DEM U12/U12w 2009"]
[Site "Willingen GER"]
[Date "2009.06.03"]
[Round "7"]
[White "Siegert, Gregor"]
[Black "Oehne, Timo"]
[Result "0-1"]
[Termination "normal"]
[Board "33"]
[WhiteElo "1392"]
[BlackElo "1551"]
[PlyCount "116"]
[WhiteFideId "1271250"]
[BlackFideId "24661635"]
[EventCountry "GER"]
[EventRounds "11"]
[EventType "swiss"]
[EventDate "2009.05.30"]

1. d4 d5 2. c4 e5 3. dxe5 d4 4. a3 Be6 5. e3 Nc6 6. h3 dxe3 7. Qxd8+ Rxd8 8.
Bxe3 Nxe5 9. Nd2 g6 10. Be2 Bg7 11. O-O-O a6 12. Ngf3 Nd3+ 13. Bxd3 Rxd3 14.
Ng5 Ne7 15. Nxe6 fxe6 16. Ne4 Rxd1+ 17. Rxd1 b6 18. Ng5 Nf5 19. Nxe6 Be5 20.
Rd8+ Ke7 21. Bg5+ Kxe6 22. Rxh8 Bxh8 23. Kc2 Nd4+ 24. Kb1 Bf6 25. Bf4 Be5 26.
Be3 c5 27. b4 Kf5 28. f3 Bf4 29. Bf2 Ne6 30. Kc2 Ke5 31. Kb3 Kd6 32. a4 Be5 33.
b5 a5 34. Kc2 Nf4 35. g3 Ne2 36. f4 Bd4 37. Be1 Ng1 38. Kd2 Nf3+ 39. Ke2 Nxe1
40. Kxe1 Ke6 41. Ke2 Kf5 42. Kf3 h5 43. g4+ hxg4+ 44. hxg4+ Kf6 45. Ke4 Ke6 46.
Kf3 Bb2 47. Ke4 Bc1 48. Kf3 g5 49. f5+ Ke5 50. Ke2 Bb2 51. Ke3 Ba1 52. Kf3 Kd4
53. f6 Kxc4 54. f7 Bg7 55. Ke4 Kb3 56. Kf5 c4 57. Kg6 Bf8 58. Kh7 c3 0-1

[Event "DEM U12/U12w 2009"]
[Site "Willingen GER"]
[Date "2009.06.03"]
[Round "7"]
[White "Fell, Fabian"]
[Black "Mehling, Katharina"]
[Result "1-0"]
[Termination "normal"]
[Board "34"]
[WhiteElo "1488"]
[BlackElo "1352"]
[PlyCount "207"]
[WhiteFideId "24698873"]
[BlackFideId "12900362"]
[EventCountry "GER"]
[EventRounds "11"]
[EventType "swiss"]
[EventDate "2009.05.30"]

1. e4 e5 2. Nf3 Nc6 3. Bc4 Nf6 4. d4 exd4 5. O-O Nxe4 6. Re1 d5 7. Bxd5 Qxd5 8.
Nc3 Qa5 9. Nxe4 Be6 10. Neg5 O-O-O 11. Nxe6 fxe6 12. Rxe6 Bd6 13. Bg5 Rde8 14.
Qe2 Kd7 15. Rxe8 Rxe8 16. Qd3 h6 17. Bd2 Qh5 18. h3 Ne5 19. Nxe5+ Qxe5 20. g3
c5 21. Qb5+ Kc7 22. Re1 Qxe1+ 23. Bxe1 Rxe1+ 24. Kg2 b6 25. Qa6 Kb8 26. Qc4 Be5
27. a4 Bf6 28. a5 Re7 29. Qb5 Kb7 30. a6+ Kc7 31. Qc4 Kc6 32. b4 Kd6 33. bxc5+
bxc5 34. Qb3 Rc7 35. f4 Rc6 36. Qb8+ Rc7 37. Qb5 Rc6 38. Kf3 Rb6 39. Qc4 Kc6
40. Ke4 Rb4 41. Qe6+ Kb5 42. Kd5 d3 43. Qc6+ Ka5 44. cxd3 Rb6 45. Qc8 Rb3 46.
Qb7 Rxd3+ 47. Kxc5 Rc3+ 48. Kd5 Rd3+ 49. Ke4 Rd4+ 50. Kf3 Rd3+ 51. Ke2 Rd6 52.
Qxa7 Rxa6 53. Qc5+ Ka4 54. Kf3 Ra5 55. Qc4+ Ka3 56. g4 Ra4 57. Qd3+ Kb4 58.
Qd6+ Kb5 59. g5 hxg5 60. fxg5 Bc3 61. Qd3+ Kb4 62. h4 Ra3 63. Qd6+ Ka4 64. Qc6+
Kb4 65. Kg4 Ra4 66. Kf5 Kb3 67. h5 Kb4 68. Kg6 Ra5 69. Qd6+ Kb5 70. Qe7 Ka4 71.
Qf7 Kb4 72. h6 gxh6 73. gxh6 Ra6+ 74. Kh5 Ra5+ 75. Kg4 Rc5 76. h7 Kb5 77. Qe8+
Kb4 78. h8=Q Bxh8 79. Qxh8 Kc4 80. Kf4 Rd5 81. Ke4 Rc5 82. Qh3 Kb5 83. Qd7+ Kc4
84. Qd3+ Kb4 85. Kd4 Rb5 86. Qc3+ Ka4 87. Qa1+ Kb4 88. Qa2 Rb6 89. Qd2+ Kb5 90.
Kd5 Ka6 91. Kc5 Rb5+ 92. Kc4 Rb6 93. Qd8 Rc6+ 94. Kd5 Kb7 95. Qd7+ Rc7 96. Qb5+
Ka7 97. Kd6 Rb7 98. Qa5+ Kb8 99. Kc6 Rf7 100. Qd8+ Ka7 101. Qd4+ Kb8 102. Qb2+
Kc8 103. Qh8+ Rf8 104. Qxf8# 1-0

[Event "DEM U12/U12w 2009"]
[Site "Willingen GER"]
[Date "2009.06.03"]
[Round "7"]
[White "Rahimi, Anita"]
[Black "Priese, Annika"]
[Result "0-1"]
[Termination "normal"]
[Board "35"]
[WhiteElo "1290"]
[BlackElo "1446"]
[PlyCount "64"]
[WhiteFideId "24692336"]
[BlackFideId "24673730"]
[EventCountry "GER"]
[EventRounds "11"]
[EventType "swiss"]
[EventDate "2009.05.30"]

1. d4 d5 2. Bf4 Nf6 3. e3 c5 4. c3 Nc6 5. Nf3 cxd4 6. cxd4 Qb6 7. b3 Bf5 8. Bd3
Qb4+ 9. Ke2 Bg4 10. Qd2 Qb6 11. Ke1 Bxf3 12. gxf3 Rc8 13. Nc3 g6 14. Bg5 Bg7
15. Bxf6 Bxf6 16. Nxd5 Qd8 17. Nxf6+ exf6 18. Bc4 O-O 19. Rg1 Re8 20. Rd1 Qd6
21. Rg2 Rcd8 22. Kf1 a6 23. a4 Qd7 24. Qc3 Ne5 25. Ke2 f5 26. Qc2 Nc6 27. Bd3
Nxd4+ 28. Ke1 Nxc2+ 29. Bxc2 Qc7 30. Rxd8 Rxd8 31. Bxf5 Qc1+ 32. Ke2 Rd2# 0-1

[Event "DEM U12/U12w 2009"]
[Site "Willingen GER"]
[Date "2009.06.03"]
[Round "7"]
[White "Stolberg, Daniel"]
[Black "Lemke, Berfîn"]
[Result "1-0"]
[Termination "normal"]
[Board "36"]
[WhiteElo "1412"]
[BlackElo "1312"]
[PlyCount "113"]
[BlackFideId "1270578"]
[EventCountry "GER"]
[EventRounds "11"]
[EventType "swiss"]
[EventDate "2009.05.30"]

1. Nf3 d5 2. g3 Nf6 3. Bg2 Bg4 4. d3 Nbd7 5. Nbd2 e5 6. h3 Bxf3 7. Nxf3 c6 8.
b3 Bc5 9. Bb2 Qe7 10. e3 O-O 11. O-O Rfe8 12. Re1 Bb6 13. Nh4 Qe6 14. c4 Rad8
15. Qc2 Bc7 16. cxd5 Nxd5 17. Be4 N7f6 18. Bg2 Qd7 19. a3 Nb6 20. Rad1 Bd6 21.
Nf3 Qc7 22. Ng5 h6 23. Ne4 Be7 24. Qc3 Nbd7 25. b4 Rc8 26. Qc4 a6 27. Rc1 Qb6
28. d4 Qc7 29. dxe5 Nxe5 30. Qd4 Ng6 31. Qc4 Qd7 32. Bxf6 Bxf6 33. Rcd1 Qc7 34.
Nd6 Rf8 35. Nxc8 Rxc8 36. Rd2 Ne5 37. Qb3 Qe7 38. Red1 Qe8 39. a4 Kf8 40. b5
axb5 41. axb5 cxb5 42. Bxb7 Rb8 43. Bg2 Qc8 44. Rc2 Qe8 45. Rc5 b4 46. Rb1 Rb6
47. Qc2 Rb8 48. Rc7 Bd8 49. Rc8 Rxc8 50. Qxc8 Qe7 51. Rxb4 Ke8 52. Rb7 Qd6 53.
Rb5 Qf6 54. Rd5 Qe7 55. Qb8 Nd7 56. Qb5 f6 57. Rxd7 1-0

[Event "DEM U12/U12w 2009"]
[Site "Willingen GER"]
[Date "2009.06.03"]
[Round "7"]
[White "Schwarz, Larissa"]
[Black "Bosse, Lea"]
[Result "0-1"]
[Termination "normal"]
[Board "37"]
[WhiteElo "1403"]
[BlackElo "1254"]
[PlyCount "120"]
[WhiteFideId "24699004"]
[BlackFideId "12900419"]
[EventCountry "GER"]
[EventRounds "11"]
[EventType "swiss"]
[EventDate "2009.05.30"]

1. e4 d5 2. exd5 Qxd5 3. Nc3 Qa5 4. d4 Nf6 5. Bd2 c6 6. Nf3 Bf5 7. Bc4 Nbd7 8.
O-O e6 9. Re1 Qc7 10. d5 cxd5 11. Bxd5 Be7 12. Bb3 O-O 13. Qe2 Rac8 14. a3 a6
15. Nd4 Bg6 16. Nxe6 fxe6 17. Qxe6+ Kh8 18. Qxe7 a5 19. Qe2 Rce8 20. Qd1 Nc5
21. Ba2 Nfe4 22. Be3 Nxc3 23. bxc3 Ne4 24. Bb3 Nxc3 25. Qc1 Rc8 26. Bd4 Nb5 27.
Be5 Qc5 28. Bg3 Bxc2 29. Bxc2 Qxc2 30. Qxc2 Rxc2 31. h3 h6 32. Re7 b6 33. Rb7
Rc6 34. Be5 Rg6 35. a4 Re8 36. f4 Nd6 37. Rxb6 Ree6 38. Re1 Kh7 39. Rbb1 h5 40.
Rf1 Rh6 41. Rb8 Nc4 42. Rb5 Re7 43. Rc5 Nxe5 44. fxe5 Ra6 45. Rf5 Kg6 46. e6
Raxe6 47. Rxh5 Re1+ 48. Kh2 Ra1 49. Rxa5 Re4 50. Rag5+ Kf6 51. a5 g6 52. Kg3
gxh5 53. Rxh5 Ra3+ 54. Kf2 Re5 55. Rxe5 Kxe5 56. a6 Kf4 57. a7 Ra2+ 58. Ke1 Kg3
59. Kf1 Rxa7 60. Ke2 Ra2+ 0-1

[Event "DEM U12/U12w 2009"]
[Site "Willingen GER"]
[Date "2009.06.03"]
[Round "7"]
[White "Diederichs, Luise"]
[Black "Lagunow, Elina"]
[Result "0-1"]
[Termination "normal"]
[Board "38"]
[WhiteElo "1209"]
[BlackElo "1726"]
[PlyCount "66"]
[WhiteFideId "24661597"]
[BlackFideId "4673387"]
[EventCountry "GER"]
[EventRounds "11"]
[EventType "swiss"]
[EventDate "2009.05.30"]

1. c4 Nf6 2. Nc3 g6 3. g3 Bg7 4. Bg2 O-O 5. e4 d6 6. d3 Nbd7 7. Nge2 a6 8. O-O
Rb8 9. a4 c6 10. a5 b5 11. axb6 Nxb6 12. h3 Bb7 13. f4 Qc7 14. f5 Rbc8 15. Be3
d5 16. Bxb6 Qxb6+ 17. Kh2 dxc4 18. dxc4 Rfd8 19. Qc1 Rd7 20. Qg5 Rcd8 21. e5
Ne8 22. f6 h6 23. Qc1 exf6 24. exf6 Nxf6 25. Na4 Qb4 26. Nec3 Rd4 27. b3 Rd2
28. Qe1 c5 29. Rf2 Rxf2 30. Qxf2 Ne4 31. Bxe4 Bxc3 32. Qxc5 Rd2+ 33. Kg1 Bd4+
0-1

[Event "DEM U12/U12w 2009"]
[Site "Willingen GER"]
[Date "2009.06.03"]
[Round "7"]
[White "Peters, Tom"]
[Black "Edel, Fenja"]
[Result "1/2-1/2"]
[Termination "normal"]
[Board "39"]
[WhiteElo "1528"]
[BlackElo "1142"]
[PlyCount "89"]
[WhiteFideId "24694444"]
[BlackFideId "24696749"]
[EventCountry "GER"]
[EventRounds "11"]
[EventType "swiss"]
[EventDate "2009.05.30"]

1. e4 e6 2. d4 d5 3. Nc3 Nf6 4. e5 Nfd7 5. f4 c5 6. Be3 Qb6 7. Na4 Qc7 8. c3
cxd4 9. cxd4 Bb4+ 10. Bd2 Qa5 11. Nf3 Nc6 12. Nc3 f6 13. a3 Bxc3 14. Bxc3 Qc7
15. Rc1 b6 16. Bb4 Qb7 17. Bd6 Kf7 18. Bb5 Nd8 19. Rc7 Qb8 20. Rxd7+ Bxd7 21.
Bxd7 Qb7 22. Bb5 a6 23. Bd3 Qc6 24. O-O Nb7 25. Ng5+ fxg5 26. fxg5+ Kg8 27. Qf3
Nxd6 28. exd6 Qe8 29. g6 h6 30. Bxa6 Qxg6 31. d7 Qf6 32. Qxf6 gxf6 33. Bc8 Kg7
34. Re1 Kf7 35. Kf2 Ra4 36. Ke3 Rc4 37. Kd3 Ke7 38. h3 Kd6 39. Rf1 Ke7 40. g4
e5 41. dxe5 fxe5 42. Rf5 Re4 43. b4 Rd4+ 44. Kc3 Rc4+ 45. Kd3 1/2-1/2

[Event "DEM U12/U12w 2009"]
[Site "Willingen GER"]
[Date "2009.06.03"]
[Round "7"]
[White "Nitzsche, Pia"]
[Black "Velkina, Elina"]
[Result "0-1"]
[Termination "normal"]
[Board "41"]
[WhiteElo "1350"]
[BlackElo "1113"]
[PlyCount "58"]
[WhiteFideId "12900370"]
[BlackFideId "1271679"]
[EventCountry "GER"]
[EventRounds "11"]
[EventType "swiss"]
[EventDate "2009.05.30"]

1. c4 e5 2. Nc3 Nf6 3. d3 d6 4. g3 Be7 5. Bg2 Be6 6. Nf3 c6 7. O-O Nbd7 8. Bd2
O-O 9. Rb1 Nh5 10. b4 f5 11. a4 f4 12. b5 Nc5 13. bxc6 bxc6 14. Na2 a5 15. Rc1
Qd7 16. d4 exd4 17. Nxd4 Rac8 18. Nxe6 Nxe6 19. Bxa5 Ng5 20. c5 d5 21. Nb4 fxg3
22. fxg3 Qe6 23. Rxf8+ Rxf8 24. Nxc6 Bxc5+ 25. Nd4 Qe3+ 26. Kh1 Bxd4 27. Bd2
Qe5 28. Bxg5 Qxg5 29. Bxd5+ Qxd5+ 0-1

[Event "DEM U12/U12w 2009"]
[Site "Willingen GER"]
[Date "2009.06.03"]
[Round "7"]
[White "Böhme, Mathis"]
[Black "Genath, Maren"]
[Result "0-1"]
[Termination "normal"]
[Board "42"]
[WhiteElo "1190"]
[BlackElo "924"]
[PlyCount "32"]
[WhiteFideId "12900443"]
[EventCountry "GER"]
[EventRounds "11"]
[EventType "swiss"]
[EventDate "2009.05.30"]

1. e4 e5 2. Nc3 Bc5 3. f4 d6 4. Nf3 Nc6 5. Bc4 Nf6 6. d3 Bg4 7. h3 Bxf3 8. Qxf3
Nd4 9. Qd1 c6 10. Ne2 d5 11. fxe5 dxc4 12. exf6 Nxe2 13. fxg7 Qh4+ 14. Kd2 Qg5+
15. Kxe2 Qxg2+ 16. Ke1 Qf2# 0-1